| 000 | 00480nam a22001937a 4500 | ||
|---|---|---|---|
| 003 | MPLRDC | ||
| 005 | 20220104113812.0 | ||
| 008 | 210129b ||||| |||| 00| 0 eng d | ||
| 020 | _a957-8317-14-X | ||
| 082 | _a592.095 GYZ | ||
| 100 | _a宫玉振 编著 | ||
| 245 |
_a黄石公白话三略 _c |
||
| 250 | _a初版 | ||
| 260 |
_a台湾 _b正展出版公司 _c1998 |
||
| 300 | _b296 | ||
| 490 | _a智慧人生: 6 | ||
| 650 | _a古代兵法--三略 | ||
| 942 |
_cBK _o592.095 GYZ |
||
| 999 |
_c2468 _d2458 |
||